| 000 | 00654cab a2200205 4500 | ||
|---|---|---|---|
| 001 | WB2746-09 | ||
| 008 | 090401t1991 xxu||||| |||| 00| 0 eng d | ||
| 035 | _a(Sirsi) u50301 | ||
| 041 | _aeng | ||
| 245 | _aRedevelopment of Cowley site | ||
| 260 | _c1991 | ||
| 350 | _a0 | ||
| 490 |
_aFinancial Times _v22 November 1991, 13(1) |
||
| 520 | _aArlington Property Developments has submitted a planning application for office accommodation and a hotel for the Rover car works site at Cowley, Oxford. | ||
| 650 | _aARLINGTON PROPERTY DEVELOPMENTS | ||
| 650 | _aCOWLEY | ||
| 690 | _aPROPERTY-PROPERTY DEVELOPMENT | ||
| 942 | _n0 | ||
| 948 | _c04/03/1997 | ||
| 999 |
_c31393 _d31393 |
||